000 00304nam a22001337a 4500
008 181218b xxu||||| |||| 00| 0 eng d
020 _a9780470878699
041 _aeng
080 _a004
100 _a28
101 _aSHK
245 _aOffice 2011 For Mac For Dummies
_cMac,.l
942 _2udc
_cBK
999 _c53415
_d53415